Amateur Film Making (Record no. 328236)
[ view plain ]
| 000 -LEADER | |
|---|---|
| fixed length control field | 00238 a2200109 4500 |
| 001 - CONTROL NUMBER | |
| control field | 93163 |
| 003 - CONTROL NUMBER IDENTIFIER | |
| control field | NUST |
| 005 - DATE AND TIME OF LATEST TRANSACTION | |
| control field | 20180120132827.0 |
| 008 - FIXED-LENGTH DATA ELEMENTS--GENERAL INFORMATION | |
| fixed length control field | 180120b xxu||||| |||| 00| 0 eng d |
| 082 ## - DEWEY DECIMAL CLASSIFICATION NUMBER | |
| Classification number | 770 BRO |
| 100 ## - MAIN ENTRY--PERSONAL NAME | |
| Personal name | Broderick, P |
| 9 (RLIN) | 9199 |
| 245 ## - TITLE STATEMENT | |
| Title | Amateur Film Making |
| Medium | English |
| 260 ## - PUBLICATION, DISTRIBUTION, ETC. | |
| Name of publisher, distributor, etc. | Arco |
| Date of publication, distribution, etc. | 1964 |
| 942 ## - ADDED ENTRY ELEMENTS (KOHA) | |
| Institution code [OBSOLETE] | CAE NUST |
| Koha item type | Book |
| Call number prefix | 770 BRO |
| Source of classification or shelving scheme | |
| Withdrawn status | Lost status | Damaged status | Not for loan | Collection code | Permanent Location | Current Location | Date acquired | Total Checkouts | Full call number | Barcode | Date last seen | Price effective from | Koha item type |
|---|---|---|---|---|---|---|---|---|---|---|---|---|---|
| College of Aeronautical Engineering (CAE) | College of Aeronautical Engineering (CAE) | 04/03/2017 | 770 BRO | CAE8513 | 04/05/2017 | 04/05/2017 | Book |
